000 00876nam a22002897a 4500
001 6044
003 FISKH
005 20260330083312.0
008 250226b cb ||||| |||| 00| 0 eng d
020 _a9780439401715
040 _aFISKH
_beng
_cFISKH
_dFISKH
050 _aPZ7.F59816 M
082 _a813.6
100 _aFlake, Sharon
_d(1955-)
245 _aMoney hungry /
_cSharon Flake
250 _aThis edition first published in 2002
260 _aNew York :
_bScholastic,
_c2001.
300 _a187 pages :
_c20 cm
505 _aR
520 _aAll thirteen-year-old Raspberry can think of is making money so that she and her mother never have to worry about living on the streets again.
521 8 _a650
_bLexile
521 8 _aR
_bRaz-Plus
650 _2Poverty
_aAfrican Americans
650 _2Money
_aFamily
942 _2ddc
_cBK
_n0
999 _c6044
_d6044